All 10k+ Cities in Zimbabwe - Statistics

General Stats
  • This quiz has been taken 25 times
  • The average score is 8 of 30
Answers on the Map
Answers color-coded by a green-red scale on the quiz's map according to % correct below.
 
Answer Stats
Province Population Answer % Correct
Harare 1,491,754 Harare
93%
Matabeleland North 665,952 Bulawayo
64%
Midlands 159,050 Gweru
43%
Manicaland 224,804 Mutare
43%
Matabeleland North 35,215 Victoria Falls
43%
Harare 371,246 Chitungwiza
36%
Midlands 119,863 Kwekwe
36%
Matabeleland South 58,574 Beitbridge
29%
Mashonaland West 117,381 Kadoma
29%
Mashonaland West 27,450 Kariba
29%
Mashonaland East 66,204 Marondera
29%
Masvingo 87,950 Masvingo
29%
Mashonaland West 65,800 Chegutu
21%
Mashonaland West 90,800 Chinhoyi
21%
Harare 206,368 Epworth
21%
Matabeleland South 26,700 Gwanda
21%
Matabeleland North 39,750 Hwange
21%
Manicaland 37,906 Rusape
21%
Mashonaland East 94,078 Ruwa
21%
Midlands 23,304 Shurugwi
21%
Mashonaland Central 50,400 Bindura
14%
Manicaland 34,959 Chipinge
14%
Masvingo 40,100 Chiredzi
14%
Midlands 33,073 Gokwe
14%
Mashonaland West 37,564 Karoi
14%
Mashonaland Central 15,646 Mvurwi
14%
Mashonaland West 87,039 Norton
14%
Matabeleland South 14,460 Plumtree
14%
Midlands 41,526 Redcliff
14%
Midlands 59,714 Zvishavane
14%
No matching quizzes found
Score Distribution
Percent of People with Each Score
Percentile by Number Answered
Your Score History
You have not taken this quiz